Aukhay Avalray / (Record no. 594545)
[ view plain ]
| 000 -LEADER | |
|---|---|
| fixed length control field | 00380nam a22001457a 4500 |
| 020 ## - INTERNATIONAL STANDARD BOOK NUMBER | |
| International Standard Book Number | 9789695037208 |
| 082 ## - DEWEY DECIMAL CLASSIFICATION NUMBER | |
| Classification number | 891.4394 |
| Author Mark | MUF |
| 100 ## - MAIN ENTRY--PERSONAL NAME | |
| Personal name | Mufti, Mumtaz |
| 245 ## - TITLE STATEMENT | |
| Title | Aukhay Avalray / |
| Statement of responsibility, etc. | Mumtaz Mufti |
| 260 ## - PUBLICATION, DISTRIBUTION, ETC. | |
| Place of publication, distribution, etc. | Lahore : |
| Name of publisher, distributor, etc. | Al-Faisal Nashran, |
| Date of publication, distribution, etc. | 2020. |
| 300 ## - PHYSICAL DESCRIPTION | |
| Extent | 236 p. ; |
| Dimensions | 22 cm. |
| 563 ## - BINDING INFORMATION | |
| Binding note | HBK. |
| 880 ## - ALTERNATE GRAPHIC REPRESENTATION | |
| Linkage | 245-02\r |
| Title | اوکھے اولڑے / |
| 942 ## - ADDED ENTRY ELEMENTS (KOHA) | |
| Source of classification or shelving scheme | |
| Koha item type | Book |
| Withdrawn status | Lost status | Source of classification or shelving scheme | Damaged status | Not for loan | Permanent Location | Current Location | Shelving location | Date acquired | Source of acquisition | Total Checkouts | Full call number | Barcode | Date last seen | Date last checked out | Price effective from | Koha item type |
|---|---|---|---|---|---|---|---|---|---|---|---|---|---|---|---|---|
| Central Library (CL) | Central Library (CL) | Urdu Literature | 04/19/2023 | Donated by Tughral Yamin Ex Dean CIPS | 1 | 891.4394 MUF | CL-D-2283 | 07/08/2025 | 06/15/2025 | 04/19/2023 | Book |
